|
|
|
|
| LEADER |
00000nas a2200000 4500 |
| 001 |
vtls012274133 |
| 003 |
SK-MaSNL |
| 005 |
20260228155837.0 |
| 008 |
250327d18201820au ar 000 b0ger |
| 015 |
|
|
|a SNBHFB
|
| 040 |
|
|
|a SNKHF
|b slo
|c SNKHF
|e rda
|
| 041 |
0 |
|
|a ger
|
| 044 |
|
|
|a au
|c AT
|
| 072 |
|
7 |
|a 006.95
|x Chronológia
|2 konspekt
|
| 080 |
|
|
|a (051)-048.55
|2 2011
|
| 080 |
|
|
|a 006.95
|2 2011
|
| 245 |
0 |
0 |
|a Grosser Steyermärk'scher National-Kalender auf das Schaltjahr ..., für Katholiken, Protestanten, und alle Volksklassen
|
| 264 |
|
3 |
|a Grätz
|b bey Joseph Franz Kaiser
|c 1820
|
| 300 |
|
|
|c 22 cm
|
| 310 |
|
|
|a 1x ročne
|
| 336 |
|
|
|a text
|b txt
|2 rdacontent
|
| 337 |
|
|
|a bez média
|b n
|2 rdamedia
|
| 338 |
|
|
|a zväzok
|b nc
|2 rdacarrierr
|
| 362 |
0 |
|
|a Rok 1820
|
| 500 |
|
|
|a Editor: 1819, Anton Tedeschi
|
| 500 |
|
|
|a Súčasťou názvu je označenie roku
|
| 546 |
|
|
|a Nemčina
|b Fraktúra
|
| 561 |
|
|
|a Proveniencia: pečiatka Dr. E. Kadarász - ver. not. poz. Margity Zayovej Čís. 10300.
|5 SNK ČC 4432/1820
|
| 655 |
|
7 |
|a špecializované časopisy
|2 SNKPH
|9 70509
|
| 655 |
|
7 |
|a textové kalendáre
|2 SNKPH
|9 60816
|
| 700 |
1 |
|
|a Kaiser, Joseph Franz
|4 prt
|9 265441
|
| 700 |
1 |
|
|a Tedeschi, Anton
|4 edt
|9 265442
|
| 752 |
|
|
|a Rakúsko
|d Graz
|
| 780 |
0 |
0 |
|t Grosser Allgemeiner National-Kalender
|
| 852 |
|
|
|a snk
|b Zaiova knižnica: Zay 9918
|p ČC 4432/1820
|
| 958 |
|
|
|a DF
|
| 999 |
|
|
|c 727
|d 727
|
| 952 |
|
|
|0 0
|1 0
|4 0
|7 0
|8 5
|a SNK
|b SNK
|c SNK_HF
|d 2025-03-27
|i snk2025/5414
|l 0
|o snkČC 4432/1820
|p 17A1489600
|r 2026-02-21 22:33:53
|t Zay 9918
|w 2026-02-21
|y PREZ
|